[Event "V Open B"]
[Site "Montebelluna ITA"]
[Date "2007.03.10"]
[Round "3"]
[White "Steger, Andreas"]
[Black "De Bortoli, Thomas"]
[Result "1-0"]
[WhiteElo "1503"]
[BlackElo "1506"]
[PlyCount "79"]
[EventDate "2007.03.09"]

1. d4 Nf6 2. Bg5 g6 3. Nc3 Bg7 4. e4 d6 5. Nf3 Nbd7 6. Qd2 O-O 7. Bc4 e5 8. O-O
Qe8 9. d5 a6 10. a4 Nc5 11. Bxf6 Bxf6 12. b4 Nd7 13. Bb3 Bg7 14. b5 a5 15. Ne1
f5 16. f3 Nc5 17. Rb1 Qf7 18. Nd3 Nxb3 19. cxb3 f4 20. Rfc1 b6 21. Rc2 Bb7 22.
Rbc1 Rac8 23. Nb2 g5 24. Ncd1 Bh6 25. Nf2 Qg7 26. Ng4 Rf7 27. Nc4 Re7 28. Nxb6
Rd8 29. Nc4 Bc8 30. Nxh6+ Qxh6 31. Nxa5 Rdd7 32. b6 cxb6 33. Rxc8+ Kf7 34. Nc6
Re8 35. Rxe8 Kxe8 36. Qb4 g4 37. Qb5 Qg7 38. Nb8 gxf3 39. Qxd7+ Qxd7 40. Nxd7
1-0

[Event "V Open B"]
[Site "Montebelluna ITA"]
[Date "2007.03.10"]
[Round "3"]
[White "Stella, Luca"]
[Black "Valbusa, Lorenzo"]
[Result "1/2-1/2"]
[WhiteElo "1725"]
[BlackElo "1461"]
[PlyCount "61"]
[EventDate "2007.03.09"]

1. e4 c5 2. Nf3 Nc6 3. d4 cxd4 4. Nxd4 Nf6 5. Nc3 e5 6. Nb3 d6 7. Be2 Be7 8.
Be3 Be6 9. O-O O-O 10. Qd2 d5 11. exd5 Nxd5 12. Nxd5 Qxd5 13. Rad1 Qxd2 14.
Rxd2 a6 15. a3 Rfd8 16. Rfd1 Rxd2 17. Rxd2 Rd8 18. Rxd8+ Nxd8 19. Nc5 Bxc5 20.
Bxc5 Bd5 21. c3 Ne6 22. Be3 f5 23. f3 Kf7 24. Kf2 Nf4 25. Bxf4 exf4 26. Bd3 Ke6
27. Ke2 g5 28. Kd2 Bb3 29. Bc2 Bd5 30. Bd3 b5 31. Bc2 1/2-1/2

[Event "V Open B"]
[Site "Montebelluna ITA"]
[Date "2007.03.10"]
[Round "3"]
[White "Tonus, Alex"]
[Black "Sorbera, Enrico"]
[Result "1-0"]
[WhiteElo "1696"]
[BlackElo "1311"]
[PlyCount "79"]
[EventDate "2007.03.09"]

1. e4 g6 2. d4 Bg7 3. Nc3 d6 4. f4 Nf6 5. Nf3 c6 6. Bd3 O-O 7. h3 b5 8. Be3
Nbd7 9. Qd2 Qc7 10. e5 Ne8 11. Ng5 Nb6 12. h4 h6 13. Nge4 h5 14. Nf2 b4 15.
Nce4 Nd5 16. g4 Bh6 17. gxh5 Nxe3 18. Qxe3 dxe5 19. hxg6 Bxf4 20. gxf7+ Rxf7
21. Qe2 Qb6 22. Rg1+ Rg7 23. Rxg7+ Nxg7 24. dxe5 Bxe5 25. O-O-O Be6 26. Ng5
Bf4+ 27. Kb1 Bxg5 28. hxg5 Qa5 29. Qe4 Bxa2+ 30. Kc1 Qxg5+ 31. Rd2 Bd5 32. Qh7+
Kf7 33. Nh3 Qe3 34. Qg6+ Kf8 35. Ng5 a5 36. Qh6 Kg8 37. Bg6 Ba2 38. Qh7+ Kf8
39. Qh8+ Bg8 40. Nh7# 1-0

[Event "V Open B"]
[Site "Montebelluna ITA"]
[Date "2007.03.11"]
[Round "4"]
[White "Borghi, Bruno"]
[Black "Fragni, Enrico"]
[Result "0-1"]
[WhiteElo "1592"]
[BlackElo "1824"]
[PlyCount "186"]
[EventDate "2007.03.09"]

1. e4 c6 2. d4 d6 3. Nf3 Bg4 4. Nc3 Nd7 5. Be2 e5 6. dxe5 dxe5 7. O-O Be7 8.
Be3 Ngf6 9. Qd2 O-O 10. Rad1 Qc7 11. Ng5 h6 12. Bxg4 hxg5 13. Bxg5 Nc5 14. Bxf6
Bxf6 15. Qe3 Qe7 16. a3 Bg5 17. Qh3 Rad8 18. Bf5 g6 19. Bg4 Kg7 20. Rxd8 Rxd8
21. Rd1 Rh8 22. Qf3 Bf4 23. g3 Bh6 24. Qe2 Rd8 25. Rxd8 Qxd8 26. Qd1 Qd4 27.
Qf3 a5 28. h4 Bd2 29. h5 Bxc3 30. bxc3 Qxe4 31. hxg6 Qxf3 32. Bxf3 Kxg6 33. Kf1
f5 34. Ke2 Kg5 35. Ke3 Na4 36. c4 Nb2 37. Be2 Kf6 38. Kd2 Ke6 39. Kc3 Na4+ 40.
Kd2 Kd6 41. g4 fxg4 42. Bxg4 Kc5 43. Bc8 b6 44. Ke3 Nb2 45. Be6 Kd6 46. Bg8 Ke7
47. Ke4 Kf6 48. f4 exf4 49. Kxf4 Na4 50. Ke4 Nc5+ 51. Kd4 Ne6+ 52. Ke4 Ke7 53.
Ke5 Nc5 54. Bh7 Nd7+ 55. Kd4 Kd6 56. Bf5 Nf6 57. Bd3 Nd7 58. Bf5 Nc5 59. Bd3
Ne6+ 60. Kc3 Kc5 61. Bf5 Nd4 62. Bd3 Nf3 63. Be4 Ne5 64. Bh7 Nxc4 65. Be4 Nxa3
66. Kb3 Nb5 67. Bg2 Nd4+ 68. Kc3 Ne2+ 69. Kb3 b5 70. Bf1 Nd4+ 71. Kb2 Kb6 72.
c4 Kc5 73. cxb5 cxb5 74. Kc3 Nc6 75. Kb3 Nd4+ 76. Kc3 Nf3 77. Kc2 Kb4 78. Kb2
a4 79. Be2 Nd4 80. Bf1 Ka5 81. Kc3 Nc6 82. Bg2 Ne5 83. Bd5 b4+ 84. Kc2 Kb5 85.
Bg8 Kc5 86. Be6 Kd4 87. Bg8 Nc4 88. Bf7 b3+ 89. Kb1 Kc3 90. Bg6 a3 91. Bh7 Nb2
92. Ka1 Nd3 93. Bg6 Kc2 0-1

[Event "V Open B"]
[Site "Montebelluna ITA"]
[Date "2007.03.11"]
[Round "4"]
[White "Bressan, Paolo"]
[Black "Fausone, Vincenzo"]
[Result "1-0"]
[WhiteElo "1484"]
[BlackElo "1443"]
[PlyCount "85"]
[EventDate "2007.03.09"]

1. e4 c5 2. Nf3 d6 3. d4 cxd4 4. Nxd4 Nf6 5. Nc3 g6 6. Be3 a6 7. Bc4 Bg7 8. Qd2
O-O 9. f3 Bd7 10. O-O-O Nc6 11. g4 Rc8 12. Bb3 Ne5 13. h4 Nc4 14. Bxc4 Rxc4 15.
Nde2 Qc8 16. h5 Be6 17. hxg6 fxg6 18. Bh6 Rf7 19. Bxg7 Rxg7 20. Nf4 b5 21. a3
Bd7 22. Rh2 Kf7 23. g5 Ne8 24. Nfd5 Qc5 25. Rg2 e6 26. Qf4+ Kg8 27. Nf6+ Nxf6
28. gxf6 Rf7 29. Qxd6 Qxd6 30. Rxd6 Rc6 31. Rgd2 Rxd6 32. Rxd6 h5 33. e5 g5 34.
Ne4 g4 35. fxg4 hxg4 36. Kd2 Rh7 37. Ke2 Rh2+ 38. Kf1 Rxc2 39. Rxd7 Rxb2 40.
Rd8+ Kf7 41. Ng5+ Kg6 42. f7 Kxg5 43. f8=Q 1-0

[Event "V Open B"]
[Site "Montebelluna ITA"]
[Date "2007.03.11"]
[Round "4"]
[White "Brunello, Marco"]
[Black "Soppelsa, Maurizio"]
[Result "1-0"]
[WhiteElo "1395"]
[BlackElo "1518"]
[PlyCount "97"]
[EventDate "2007.03.09"]

1. e4 c6 2. d4 d5 3. f3 dxe4 4. fxe4 e6 5. Nf3 Nd7 6. Nc3 Ngf6 7. e5 Nd5 8.
Nxd5 cxd5 9. Bg5 Be7 10. Bxe7 Qxe7 11. Qd2 Nb6 12. O-O-O Bd7 13. Be2 O-O 14. g4
Rfc8 15. h4 Ba4 16. Bd3 g6 17. h5 Rc7 18. Rdg1 Rac8 19. c3 Rxc3+ 20. bxc3 Qa3+
21. Kb1 Rxc3 22. Rc1 Rxd3 23. Qb2 Qxb2+ 24. Kxb2 Rxf3 25. hxg6 fxg6 26. Rc7 Rf7
27. Rxf7 Kxf7 28. Rxh7+ Kf8 29. Rxb7 Bd1 30. g5 Nc4+ 31. Kc1 Bg4 32. Rxa7 Bf5
33. a4 Ke8 34. a5 Nxa5 35. Rxa5 Kd7 36. Kd2 Kc6 37. Ke3 Kb6 38. Ra8 Kb5 39. Rf8
Kc4 40. Rxf5 exf5 41. e6 f4+ 42. Kxf4 Kxd4 43. e7 Kc4 44. e8=Q d4 45. Qxg6 d3
46. Qxd3+ Kxd3 47. g6 Kd4 48. g7 Kd5 49. g8=Q+ 1-0

[Event "V Open B"]
[Site "Montebelluna ITA"]
[Date "2007.03.11"]
[Round "4"]
[White "Campagnola, Giacomo"]
[Black "Ferracin, Nicola"]
[Result "1/2-1/2"]
[WhiteElo "1425"]
[BlackElo "1615"]
[PlyCount "43"]
[EventDate "2007.03.09"]

1. e4 e6 2. d4 d5 3. e5 c5 4. c3 Nc6 5. Nf3 Qb6 6. Be2 cxd4 7. cxd4 Nge7 8. b3
Nf5 9. Be3 Bb4+ 10. Kf1 O-O 11. a3 Be7 12. b4 a5 13. b5 Nd8 14. Nc3 f6 15. Na4
Qc7 16. Rc1 Qb8 17. Nc5 Nf7 18. Bf4 b6 19. Nd3 g5 20. exf6 gxf4 21. fxe7 Nxe7
22. Nde5 1/2-1/2

[Event "V Open B"]
[Site "Montebelluna ITA"]
[Date "2007.03.11"]
[Round "4"]
[White "Caprino, Marco"]
[Black "Stella, Luca"]
[Result "1/2-1/2"]
[WhiteElo "1497"]
[BlackElo "1725"]
[PlyCount "66"]
[EventDate "2007.03.09"]

1. e4 c5 2. Nc3 d6 3. d3 e6 4. g3 Nf6 5. Bg2 Nc6 6. Nge2 Be7 7. O-O d5 8. exd5
exd5 9. Nf4 d4 10. Ncd5 O-O 11. Re1 Nxd5 12. Bxd5 Bf5 13. Qh5 g6 14. Qf3 Qd7
15. h3 h5 16. Bxc6 bxc6 17. Nxh5 gxh5 18. Rxe7 Qxe7 19. Qxf5 Rad8 20. Qxh5 Rd5
21. Qg4+ Kh8 22. Bd2 Rg8 23. Qf4 Rg6 24. Re1 Qf6 25. Qxf6+ Rxf6 26. Re7 Kg7 27.
Rxa7 Re5 28. c3 Rf3 29. cxd4 cxd4 30. Bf4 Re2 31. Rc7 Rxd3 32. Rxc6 Rxb2 33.
Rd6 f6 1/2-1/2

[Event "V Open B"]
[Site "Montebelluna ITA"]
[Date "2007.03.11"]
[Round "4"]
[White "De Bortoli, Thomas"]
[Black "Franco, Leopoldo"]
[Result "1-0"]
[WhiteElo "1506"]
[BlackElo "1450"]
[PlyCount "91"]
[EventDate "2007.03.09"]

1. e4 e6 2. Nf3 d6 3. d4 b6 4. c4 Bb7 5. Nc3 Nd7 6. Be3 Be7 7. Be2 Ngf6 8. O-O
O-O 9. Qc2 c5 10. Bd3 g6 11. Rfe1 Ng4 12. Bf4 cxd4 13. Nb5 e5 14. Bg3 a6 15.
Na3 Nc5 16. b3 Nxd3 17. Qxd3 Rc8 18. Nc2 a5 19. Nd2 h5 20. h3 Nh6 21. f4 f6 22.
Nf3 Bc6 23. Qd2 Kg7 24. fxe5 dxe5 25. Nxe5 fxe5 26. Bxe5+ Bf6 27. Bxf6+ Rxf6
28. Rad1 d3 29. Qc3 Kf7 30. Rxd3 Qc7 31. e5 Rf5 32. e6+ Kg8 33. Nd4 Re5 34.
Red1 Be4 35. Re3 Nf5 36. Nxf5 gxf5 37. Rg3+ Kh8 38. Rd7 Qc5+ 39. Kh2 Rg8 40.
Rd5 Bxd5 41. Qxe5+ Kh7 42. Qxf5+ Kh6 43. Rxg8 Qd6+ 44. Rg3 Qxe6 45. Qg5+ Kh7
46. Qg7# 1-0

[Event "V Open B"]
[Site "Montebelluna ITA"]
[Date "2007.03.11"]
[Round "4"]
[White "De Filomeno, Claudio"]
[Black "Mannori, Giampaolo"]
[Result "0-1"]
[WhiteElo "1371"]
[BlackElo "1545"]
[PlyCount "92"]
[EventDate "2007.03.09"]

1. e4 c5 2. d4 cxd4 3. Qxd4 Nc6 4. Qe3 Nf6 5. Nc3 e6 6. Bd3 Be7 7. Qg5 O-O 8.
Qf4 Nb4 9. Qf3 Nxd3+ 10. Qxd3 b6 11. Qg3 Kh8 12. b3 Bb4 13. Bg5 h6 14. Qh3
Bxc3+ 15. Qxc3 hxg5 16. Qh3+ Kg8 17. e5 Nd5 18. Nf3 f6 19. Qg3 Ba6 20. h4 Qc7
21. O-O-O Be2 22. Qh3 Bxf3 23. hxg5 fxg5 24. Qh7+ Kf7 25. Rh6 Qxe5 26. c4 Qa1+
27. Kc2 Qxd1+ 28. Kb2 Qe2+ 29. Ka3 Qe4 30. cxd5 Qxh7 31. Rxh7 Bxd5 32. Rh5 Kf6
33. g3 Rh8 34. Rxh8 Rxh8 35. f4 gxf4 36. gxf4 Rh4 37. Kb4 Rxf4+ 38. Kb5 Ke5 39.
a4 g5 40. b4 g4 41. a5 bxa5 42. Kxa5 g3 43. Ka6 Rf7 44. b5 g2 45. b6 axb6 46.
Kxb6 46... Kd4 {...} 0-1

[Event "V Open B"]
[Site "Montebelluna ITA"]
[Date "2007.03.11"]
[Round "4"]
[White "De Nadai, Ruggero"]
[Black "Bianchin, Raffaele"]
[Result "0-1"]
[WhiteElo "1431"]
[BlackElo "1506"]
[PlyCount "156"]
[EventDate "2007.03.09"]

1. e4 c5 2. Nf3 d6 3. d4 cxd4 4. Nxd4 Nf6 5. Nc3 Nc6 6. Bb5 Bd7 7. Nxc6 Bxc6 8.
Bxc6+ bxc6 9. O-O g6 10. Bg5 Bg7 11. Qd2 O-O 12. Bh6 Qb6 13. Bxg7 Kxg7 14. Rab1
Qb4 15. Rfe1 Kg8 16. a3 Qb6 17. Qe3 Qxe3 18. Rxe3 Rab8 19. h3 Rfd8 20. g4 Nd7
21. f4 Nb6 22. b3 Rd7 23. Rd1 Kf8 24. Red3 Rbd8 25. a4 Nc8 26. Kf2 e6 27. e5 d5
28. Ne4 h6 29. Nc5 Re7 30. h4 Nb6 31. Ke3 Nd7 32. Kd4 Nxc5 33. Kxc5 Rc7 34. c3
Ke7 35. g5 h5 36. b4 Kd7 37. a5 Rb7 38. Kd4 Rb5 39. Ra1 Rc8 40. Ra4 c5+ 41. Ke3
cxb4 42. cxb4 Rc4 43. Rd4 Kc6 44. Kd3 Rxd4+ 45. Kxd4 Kd7 46. Ke3 Rb7 47. Kd4
Rc7 48. Ra2 Rc4+ 49. Ke3 Rxb4 50. Rc2 Rb5 51. Ra2 Kc6 52. Rc2+ Rc5 53. Ra2 Kb7
54. a6+ Kb6 55. Kd4 Rc4+ 56. Kd3 Kb5 57. Ra1 Rc6 58. Kd4 Rc4+ 59. Ke3 Ra4 60.
Rc1 Kb6 61. Rc8 Rc4 62. Rf8 Rc7 63. Rb8+ Kxa6 64. Rb2 Rc5 65. Ra2+ Kb6 66. Rb2+
Rb5 67. Rc2 a5 68. Rc8 Rb3+ 69. Kd4 Rf3 70. Rb8+ Kc7 71. Rb5 Rxf4+ 72. Ke3 Rxh4
73. Rxa5 Kb6 74. Ra8 Re4+ 75. Kf3 Rxe5 76. Rf8 Rxg5 77. Rxf7 Rf5+ 78. Rxf5 exf5
0-1

[Event "V Open B"]
[Site "Montebelluna ITA"]
[Date "2007.03.11"]
[Round "4"]
[White "Lippi, Agostino"]
[Black "Valbusa, Lorenzo"]
[Result "0-1"]
[WhiteElo "1601"]
[BlackElo "1461"]
[PlyCount "64"]
[EventDate "2007.03.09"]

1. c4 e5 2. Nc3 Nf6 3. Nf3 Nc6 4. g3 d6 5. Bg2 Be7 6. O-O O-O 7. a3 Be6 8. d3
h6 9. Bd2 d5 10. cxd5 Nxd5 11. Rc1 Rb8 12. b4 Qd6 13. Ne4 Qd7 14. Nc5 Bxc5 15.
bxc5 f6 16. e4 Nde7 17. Be3 Rfd8 18. Ne1 Nd4 19. Rb1 Qc6 20. Qc1 Ne2+ 21. Kh1
Nxc1 22. Rxc1 Qa4 23. Nc2 Rxd3 24. Rfe1 Rc3 25. Nb4 Rxc1 26. Bxc1 Rd8 27. Bf3
c6 28. Nxc6 Qxc6 29. Be3 f5 30. Bc1 fxe4 31. Bxe4 Qxe4+ 32. Rxe4 Bd5 0-1

[Event "V Open B"]
[Site "Montebelluna ITA"]
[Date "2007.03.11"]
[Round "4"]
[White "Negro, Raffaele"]
[Black "Reginato, Sabrina"]
[Result "0-1"]
[WhiteElo "1763"]
[BlackElo "1608"]
[PlyCount "100"]
[EventDate "2007.03.09"]

1. d4 d5 2. c4 e6 3. Nc3 Nf6 4. cxd5 exd5 5. Bg5 Be7 6. Qc2 Nbd7 7. e3 c6 8.
Bd3 O-O 9. Nge2 Re8 10. O-O a6 11. f3 h6 12. Bf4 c5 13. Qd2 b5 14. a3 Bb7 15.
Rac1 Qb6 16. Bg3 Bd6 17. Bxd6 Qxd6 18. dxc5 Nxc5 19. Bc2 Qe7 20. b4 Ncd7 21.
Nd1 Nb6 22. Bb3 Rad8 23. Nd4 Qd7 24. Nc3 Re5 25. Qf2 Rde8 26. Rfe1 Nh7 27. Nd1
Kh8 28. Nb2 Nc4 29. Nxc4 dxc4 30. Bc2 Nf8 31. Rcd1 Qe7 32. Nf5 Qf6 33. Nd6 Rb8
34. Nxb7 Rxb7 35. f4 Re8 36. Rd4 Rd7 37. Red1 Red8 38. g4 Rxd4 39. Rxd4 Rxd4
40. exd4 Ne6 41. d5 Nxf4 42. Qe3 g6 43. d6 Qxd6 44. h4 Kg7 45. g5 hxg5 46. hxg5
Ne6 47. Kg2 Qd5+ 48. Be4 Qxg5+ 49. Qxg5 Nxg5 50. Bb7 c3 0-1

[Event "V Open B"]
[Site "Montebelluna ITA"]
[Date "2007.03.11"]
[Round "4"]
[White "Panican, Gheorghe"]
[Black "Reginato, Mauro"]
[Result "1-0"]
[WhiteElo "1530"]
[BlackElo "1895"]
[PlyCount "87"]
[EventDate "2007.03.09"]

1. e4 e5 2. Nf3 Nc6 3. Bb5 a6 4. Ba4 b5 5. Bb3 Be7 6. O-O Nf6 7. Re1 O-O 8. c3
d6 9. h3 Na5 10. Bc2 c5 11. d4 Nc6 12. d5 Nb8 13. Nbd2 Ne8 14. Nf1 f5 15. exf5
Bxf5 16. Bxf5 Rxf5 17. Ng3 Rf8 18. b3 Nd7 19. c4 bxc4 20. bxc4 Rb8 21. Qd3 Bh4
22. Nf5 Bf6 23. Qe4 Kh8 24. g4 g6 25. Ng3 Bh4 26. Bh6 Rf7 27. g5 Rf4 28. Qe2
Ng7 29. Rab1 Qf8 30. Kg2 Bxg3 31. fxg3 Rf7 32. Nd2 Qd8 33. Bxg7+ Kxg7 34. Ne4
Nb6 35. Rf1 Rbb7 36. Rf6 Rxf6 37. gxf6+ Kf8 38. Qe3 Kg8 39. Qh6 Qd7 40. Ng5 Qa4
41. Rf1 Qxc4 42. f7+ Rxf7 43. Rxf7 Qxd5+ 44. Rf3 1-0

[Event "V Open B"]
[Site "Montebelluna ITA"]
[Date "2007.03.11"]
[Round "4"]
[White "Pompili, Alberto"]
[Black "Biagioli, Marco"]
[Result "1-0"]
[WhiteElo "1846"]
[BlackElo "1467"]
[PlyCount "95"]
[EventDate "2007.03.09"]

1. d4 d5 2. Nf3 Nf6 3. e3 Bf5 4. c4 c6 5. Qb3 Qc7 6. Nc3 e6 7. Nh4 Bg6 8. Be2
Be7 9. f4 Ne4 10. Nxg6 hxg6 11. Nxe4 dxe4 12. g3 Nd7 13. Bd2 O-O-O 14. O-O-O
Rh7 15. h4 Rdh8 16. Rhg1 f6 17. c5 Nf8 18. Bc4 Qd7 19. Qc2 f5 20. Qa4 Kb8 21.
b4 a6 22. Qb3 b5 23. cxb6 Qb7 24. Bxe6 Qxb6 25. Bc4 Nd7 26. Kc2 Rc8 27. Rb1 Ka7
28. Rb2 Nf6 29. Rgb1 Rb8 30. Kd1 Rhh8 31. Ke2 Rb7 32. Bc3 Rd8 33. d5 c5 34.
Bxf6 gxf6 35. bxc5 Qxb3 36. Bxb3 Bxc5 37. Rc2 Ba3 38. Rc6 Rxd5 39. Rxf6 Rd6 40.
Rxd6 Bxd6 41. Rd1 Rb6 42. Rd5 Kb7 43. h5 Bf8 44. hxg6 Rxg6 45. Rxf5 Bh6 46. Kf2
Rd6 47. Rd5 Rf6 48. Rd4 1-0

[Event "V Open B"]
[Site "Montebelluna ITA"]
[Date "2007.03.11"]
[Round "4"]
[White "Sorbera, Enrico"]
[Black "Mancin, Michele"]
[Result "0-1"]
[WhiteElo "1311"]
[BlackElo "1626"]
[PlyCount "75"]
[EventDate "2007.03.09"]

1. g3 Nf6 2. Bg2 g6 3. Nf3 Bg7 4. d3 O-O 5. c3 d6 6. O-O Nbd7 7. Qc2 e5 8. Nbd2
c6 9. b4 Qc7 10. a4 b6 11. Ba3 Bb7 12. Rac1 Rfe8 13. c4 c5 14. Rcd1 e4 15. Ng5
e3 16. Nde4 exf2+ 17. Nxf2 Re7 18. e4 Rae8 19. Ngh3 Ne5 20. Nf4 Nc6 21. b5 Nd4
22. Qa2 Nd7 23. Bb2 Nf8 24. Ra1 Nfe6 25. Ng4 Nxf4 26. gxf4 Bc8 27. Ne3 Bb7 28.
Rf2 Qc8 29. h4 f5 30. Bh3 Qe6 31. Kh2 Qf6 32. e5 dxe5 33. Bxd4 exd4 34. Nd5
Bxd5 35. cxd5 Qd6 36. Bg2 Kh8 37. Qd2 Re3 38. Kg1 {...} 0-1

[Event "V Open B"]
[Site "Montebelluna ITA"]
[Date "2007.03.11"]
[Round "4"]
[White "Sorbera, Giovanni"]
[Black "Codenotti, Marco"]
[Result "0-1"]
[WhiteElo "1476"]
[BlackElo "1602"]
[PlyCount "80"]
[EventDate "2007.03.09"]

1. e4 c5 2. c3 d6 3. d4 Nf6 4. Bd3 e5 5. d5 g6 6. Bg5 Bg7 7. Nd2 O-O 8. Bxf6
Bxf6 9. Ngf3 Nd7 10. O-O Bg7 11. b4 f5 12. Qc2 f4 13. Nc4 Qe7 14. Na5 g5 15. h3
cxb4 16. cxb4 Nf6 17. Nxg5 Nh5 18. Nf3 Rf6 19. Rfc1 Rg6 20. Kf1 Bf8 21. Qc7 Qf6
22. Ne1 Bh6 23. Nf3 Bf8 24. Bb5 Rg7 25. Qc3 Qg6 26. Ne1 a6 27. Be2 Nf6 28. Bf3
Bd7 29. a4 Rc8 30. Qb3 Rxc1 31. Rxc1 Nxe4 32. Bxe4 Qxe4 33. Qc4 Qxc4+ 34. Nxc4
Bxa4 35. Na5 b6 36. Nc6 Bb3 37. Nb8 Ra7 38. Rc8 Ra8 39. Nf3 Bxd5 40. Nh4 Be6
0-1

[Event "V Open B"]
[Site "Montebelluna ITA"]
[Date "2007.03.11"]
[Round "4"]
[White "Tomio, Dante"]
[Black "Tonus, Alex"]
[Result "1-0"]
[WhiteElo "1953"]
[BlackElo "1696"]
[PlyCount "103"]
[EventDate "2007.03.09"]

1. d4 Nf6 2. Nf3 g6 3. c4 Bg7 4. Nc3 O-O 5. e4 d6 6. Be2 e5 7. O-O Nc6 8. d5
Ne7 9. Ne1 Nd7 10. Be3 f5 11. f3 f4 12. Bf2 g5 13. a4 Rf6 14. a5 Rh6 15. Nd3
Qe8 16. Kh1 Qh5 17. Bg1 Nf6 18. Nf2 Qg6 19. Nb5 Nh5 20. h3 Ng3+ 21. Kh2 Nxf1+
22. Bxf1 Bd7 23. Nxc7 Rc8 24. Nb5 a6 25. Nc3 Qf7 26. Na4 Bxa4 27. Qxa4 Qe8 28.
Qb3 Qd7 29. Ng4 Rg6 30. c5 Kh8 31. c6 bxc6 32. Bxa6 Rf8 33. dxc6 Qxc6 34. Bb5
Qa8 35. Bb6 h5 36. Nf2 d5 37. Bc5 Rb8 38. Bxe7 Qb7 39. Qxd5 Qxb5 40. Qxb5 Rxb5
41. b4 Kg8 42. Nd3 Bf8 43. Bxf8 Kxf8 44. a6 Rb8 45. Nxe5 Rd6 46. b5 g4 47. hxg4
hxg4 48. Nxg4 Ra8 49. Ne5 Kg7 50. Nc6 Rh8+ 51. Kg1 Rdh6 52. Kf2 1-0

[Event "V Open B"]
[Site "Montebelluna ITA"]
[Date "2007.03.11"]
[Round "4"]
[White "Venturi, Luca"]
[Black "Basset, Sergio"]
[Result "1-0"]
[WhiteElo "1617"]
[BlackElo "1598"]
[PlyCount "89"]
[EventDate "2007.03.09"]

1. d4 Nf6 2. Nf3 c5 3. e3 e6 4. Bd3 b6 5. Qe2 Bb7 6. Nbd2 cxd4 7. exd4 Be7 8.
O-O O-O 9. Re1 d6 10. c3 Nbd7 11. Nf1 Re8 12. Ng3 Qc7 13. Be3 Rac8 14. Rad1 Bf8
15. Bf4 Nd5 16. Bxh7+ Kxh7 17. Ng5+ Kg8 18. Qh5 N7f6 19. Qh4 Nxf4 20. Qxf4 d5
21. Qh4 Be7 22. Re3 g6 23. Qh6 Bf8 24. Qh4 Bg7 25. Rf3 Qe7 26. Re1 Rc7 27. Ree3
Rec8 28. Rf4 Kf8 29. Ref3 Ke8 30. Nh7 Nh5 31. Nxh5 gxh5 32. Qxh5 e5 33. Rxf7
Qxf7 34. Rxf7 Rxf7 35. Ng5 Rcc7 36. Nxf7 Rxf7 37. dxe5 Ke7 38. g3 Bc8 39. f4
Bf5 40. Qg5+ Kd7 41. Qh5 Ke7 42. Qe2 Be6 43. Qb5 Bf8 44. Qc6 Bg7 45. Qd6+ 1-0

[Event "V Open B"]
[Site "Montebelluna ITA"]
[Date "2007.03.11"]
[Round "4"]
[White "Zanon, Leandro"]
[Black "Bressan, Andrea"]
[Result "1/2-1/2"]
[WhiteElo "1604"]
[BlackElo "1419"]
[PlyCount "103"]
[EventDate "2007.03.09"]

1. d4 Nf6 2. Nf3 g6 3. Bg5 Bg7 4. e3 O-O 5. Nbd2 d6 6. Bc4 c6 7. O-O Qb6 8. Bb3
d5 9. c4 Re8 10. cxd5 cxd5 11. Bxf6 Bxf6 12. Bxd5 Nc6 13. Ne4 Bg7 14. Bb3 Bf5
15. Nfg5 e6 16. Nd6 Re7 17. Nxf5 exf5 18. h4 h6 19. Nh3 Rae8 20. Nf4 Qa5 21.
Nxg6 Re4 22. Qf3 Bxd4 23. exd4 Nxd4 24. Bxf7+ Kxf7 25. Qh5 Kg7 26. Rad1 Ne2+
27. Kh1 Rd4 28. Rxd4 Nxd4 29. Rd1 Re1+ 30. Rxe1 Qxe1+ 31. Kh2 Qxf2 32. Ne7 Qf4+
33. Kh3 Qe3+ 34. Qf3 Qxf3+ 35. gxf3 Kf7 36. Nc8 Nxf3 37. Nxa7 Nd4 38. a4 f4 39.
b4 f3 40. a5 Ke6 41. Kg3 Kd7 42. Nb5 Nxb5 43. Kxf3 Ke6 44. Ke4 Kf6 45. Kd5 Ke7
46. Kc5 Nd6 47. Kb6 Kd7 48. Kc5 Kc7 49. b5 Nxb5 50. Kxb5 Kb8 51. Kb6 h5 52. Kc5
1/2-1/2

[Event "V Open B"]
[Site "Montebelluna ITA"]
[Date "2007.03.11"]
[Round "5"]
[White "Biagioli, Marco"]
[Black "Lippi, Agostino"]
[Result "1-0"]
[WhiteElo "1467"]
[BlackElo "1601"]
[PlyCount "51"]
[EventDate "2007.03.09"]

1. d4 Nf6 2. c4 g6 3. Nc3 Bg7 4. e4 d6 5. f4 O-O 6. Nf3 Bg4 7. Be2 Qc8 8. e5
dxe5 9. fxe5 Nfd7 10. O-O c5 11. Nd5 Nc6 12. Qa4 e6 13. Qxc6 exd5 14. Qxd5 Be6
15. Qe4 cxd4 16. Qxd4 h6 17. Bf4 Rd8 18. Qc3 Nb6 19. Rac1 Na4 20. Qe3 Nxb2 21.
Bxh6 Nxc4 22. Bxc4 Bxc4 23. Nd2 Bxh6 24. Qxh6 Qc5+ 25. Kh1 b5 26. Ne4 1-0

[Event "V Open B"]
[Site "Montebelluna ITA"]
[Date "2007.03.11"]
[Round "5"]
[White "Bortolotto, Denzio"]
[Black "Piaggio, Fabrizio"]
[Result "1-0"]
[WhiteElo "1611"]
[BlackElo "1509"]
[PlyCount "53"]
[EventDate "2007.03.09"]

1. d4 d5 2. c4 c6 3. e3 Nf6 4. Nc3 e6 5. Nf3 Be7 6. Bd3 a6 7. a4 O-O 8. O-O Qc7
9. e4 dxe4 10. Nxe4 Nbd7 11. Qc2 Nxe4 12. Bxe4 Nf6 13. Bd3 h6 14. h3 c5 15. Be3
Bd7 16. Rfe1 Rac8 17. d5 exd5 18. Bxh6 dxc4 19. Bxc4 gxh6 20. Rxe7 Bxa4 21. Qe2
Bd7 22. Qd2 Rce8 23. Rxe8 Rxe8 24. Qxh6 Qd6 25. Qg6+ Kh8 26. Bxf7 Rf8 27. Qh6+
1-0

[Event "V Open B"]
[Site "Montebelluna ITA"]
[Date "2007.03.11"]
[Round "5"]
[White "Bressan, Andrea"]
[Black "De Bortoli, Thomas"]
[Result "0-1"]
[WhiteElo "1419"]
[BlackElo "1506"]
[PlyCount "88"]
[EventDate "2007.03.09"]

1. e4 c5 2. Nc3 d6 3. g3 Nf6 4. Bg2 Nc6 5. d3 g6 6. Nge2 Bg7 7. h3 Bd7 8. O-O
O-O 9. Be3 Qc8 10. Kh2 b6 11. Qd2 Qc7 12. Bh6 a6 13. Bxg7 Kxg7 14. f4 Rac8 15.
f5 Nd4 16. Nd5 Nxd5 17. exd5 Nxf5 18. c4 b5 19. b3 b4 20. Be4 a5 21. Rf4 Rce8
22. Bxf5 Bxf5 23. Rh4 h5 24. g4 Qd7 25. gxh5 Rh8 26. Rg1 Reg8 27. Ng3 Kf8 28.
Nxf5 Qxf5 29. Qe3 Rxh5 30. Rxh5 Qxh5 31. Re1 Qh4 32. Rg1 Rh8 33. Rg3 Rh5 34.
Qe4 Qxe4 35. dxe4 Rh4 36. Re3 Kg7 37. e5 Rd4 38. Kg3 Rd2 39. exd6 exd6 40. Re7
Rxa2 41. Rd7 Ra3 42. Rxd6 Rxb3+ 43. Kh4 Rc3 44. Rb6 Rxc4+ 0-1

[Event "V Open B"]
[Site "Montebelluna ITA"]
[Date "2007.03.11"]
[Round "5"]
[White "Bressan, Paolo"]
[Black "Borghi, Bruno"]
[Result "1-0"]
[WhiteElo "1484"]
[BlackElo "1592"]
[PlyCount "73"]
[EventDate "2007.03.09"]

1. e4 e5 2. Nf3 Nc6 3. d4 exd4 4. Bc4 Bc5 5. c3 d6 6. cxd4 Bb4+ 7. Bd2 Bxd2+ 8.
Qxd2 Nf6 9. Ng5 O-O 10. O-O h6 11. Nxf7 Rxf7 12. Bxf7+ Kxf7 13. Nc3 Bd7 14.
Rae1 Bg4 15. h3 Bh5 16. f4 Kg8 17. Qe3 Nb4 18. Rf2 Qd7 19. g4 Bxg4 20. hxg4
Nxg4 21. Qg3 Nxf2 22. Kxf2 Nd3+ 23. Qxd3 Rf8 24. Qg3 c6 25. Rh1 Kh8 26. Rg1 b5
27. Ne2 a5 28. f5 Qa7 29. Kf3 Qf7 30. Nf4 Re8 31. Qg6 Qxg6 32. Rxg6 c5 33. Rxd6
cxd4 34. Rxd4 Rc8 35. Ng6+ Kh7 36. Kf4 Rc2 37. Rd8 1-0

[Event "V Open B"]
[Site "Montebelluna ITA"]
[Date "2007.03.11"]
[Round "5"]
[White "Caprino, Marco"]
[Black "Negro, Raffaele"]
[Result "0-1"]
[WhiteElo "1497"]
[BlackElo "1763"]
[PlyCount "72"]
[EventDate "2007.03.09"]

1. e4 g6 2. d4 Bg7 3. Nf3 d6 4. Bd3 Nd7 5. Be3 a6 6. Qd2 h6 7. Nc3 e6 8. Ne2
Ne7 9. O-O b6 10. c4 Bb7 11. Nc3 f5 12. d5 e5 13. exf5 gxf5 14. Nh4 f4 15. Bg6+
Nxg6 16. Nxg6 Rg8 17. Bxf4 exf4 18. Rae1+ Be5 19. Nxe5 Nxe5 20. Qxf4 Qg5 21.
Qxg5 hxg5 22. Ne4 O-O-O 23. b3 g4 24. Re3 Rg6 25. h3 Rh8 26. hxg4 Nxg4 27. Rf3
Nh2 28. Rf7 Nxf1 29. Kxf1 Kd8 30. g3 Bc8 31. f4 Rhg8 32. Kf2 R6g7 33. Rf6 Bg4
34. Rh6 Rg6 35. Rh7 Bf5 36. Ng5 Rxg5 0-1

[Event "V Open B"]
[Site "Montebelluna ITA"]
[Date "2007.03.11"]
[Round "5"]
[White "Carlino, Mauro"]
[Black "De Filomeno, Claudio"]
[Result "0-1"]
[WhiteElo "1434"]
[BlackElo "1371"]
[PlyCount "96"]
[EventDate "2007.03.09"]

1. e4 e5 2. Nf3 Nc6 3. Bb5 a6 4. Bxc6 dxc6 5. d3 f6 6. O-O Bg4 7. h3 Bxf3 8.
Qxf3 Qd4 9. Nc3 Bb4 10. Bd2 b5 11. a3 Ba5 12. Rfe1 Ne7 13. Qe3 c5 14. Rad1 O-O
15. Qxd4 cxd4 16. Ne2 Bxd2 17. Rxd2 Rfc8 18. c3 c5 19. Rc1 a5 20. Rdc2 Kf7 21.
cxd4 cxd4 22. Rc5 Rxc5 23. Rxc5 b4 24. axb4 axb4 25. f3 Ra2 26. Rc2 Ke6 27. Nc1
Ra1 28. Kf2 Rb1 29. Nb3 Kd7 30. Nc5+ Kc6 31. Ne6+ Kb5 32. Nc7+ Ka4 33. Nd5 Ng8
34. Nb6+ Kb3 35. Rc4 Rxb2+ 36. Kg3 Rd2 37. Rc8 Ne7 38. Rc7 Ka2 39. Rxe7 b3 40.
Ra7+ Kb1 41. Nc4 Rc2 42. Na3+ Kc1 43. Nxc2 Kxc2 44. Kf2 Kxd3 45. Rb7 Kc2 46.
Ke2 d3+ 47. Ke3 d2 48. Rxb3 d1=Q 0-1